| 000 | 01008nam a2200265Ia 4500 | ||
|---|---|---|---|
| 003 | OSt | ||
| 005 | 20220923211108.0 | ||
| 006 | a|||||r|||| 00| 0 | ||
| 007 | ta | ||
| 008 | 220922b |||||||| |||| 00| 0 hin d | ||
| 020 |
_a8180810727 (hbk) _c425 |
||
| 024 | _a317,498 | ||
| 037 |
_b81, 15/03/2017, Mallika Books _cTextual |
||
| 040 |
_aARTS _cARTS _bhin |
||
| 041 |
_2hin _ahin |
||
| 082 | _aO152:gP, Q1 | ||
| 100 |
_aश्रीवास्तव, रवि, ले. _9158175 |
||
| 245 | 0 | _aउत्तर आधुनिकताः विभ्रम और यथार्थ | |
| 246 | _aUttar ādhunikatāah vibhram aur yathārtha | ||
| 260 |
_aदिल्ली _b नेशनल पब्लिशिंग हाउस _c2011 |
||
| 300 |
_a245पृ. _ccm. |
||
| 650 |
_aहिन्दी साहित्य _9156264 |
||
| 942 |
_hO152:gP, Q1 _cTEXL _2CC |
||
| 999 |
_c295168 _d295168 |
||